Japan Geography by Letter- I - Statistics

General Stats
  • This quiz has been taken 81 times
  • The average score is 7 of 15
Answer Stats
Hint Answer % Correct
Famous WW2 battle held on this island Iwojima
85%
Prefecture to the North of Tokyo Ibaraki
74%
Prefecture in the north of Honshu Iwate
74%
Prefecture on the Japan Sea Coast Ishikawa
66%
Japanese word for strawberry Ichigo
58%
One of Tokyo's main centres on the Yamanote Line Ikebukuro
49%
Osaka's main domestic airport Itami
49%
Peninsula in Shizuoka Prefecture Izu
49%
Famous Shinto Shrine in Mie Prefecture Ise
47%
One of Okinawa's main islands Ishigaki
36%
Famous Shinto Shrine on Miyajima Island Itsukushima
36%
One of Tokyo's 23 wards Itabashi
28%
Former name for the Ehime area and the current name of a city next to Matsuyama Iyo
28%
Castle city in West Japan that also hosts a US military base Iwakuni
25%
Shikoku's highest mountain Ishizuchi
17%
No matching quizzes found
Score Distribution
Percent of People with Each Score
Percentile by Number Answered
Your Score History
You have not taken this quiz